000 00912cam a2200289 a 4500
001 000007501
005 20200929154206.0
008 930512s1993 sp 001 f spa d
020 _a8408001493
035 _a(DLC) 93152989
040 _aDO-SdBNP
_bspa
_cDLC
_dBNPHU
082 _a863.64
_bV393a, 1993
100 1 _aVázquez Montalbán, Manuel,
_d1939-2003
_920828
245 1 0 _aAutobiografía del general Franco /
_cManuel Vázquez Montalbán.
250 _a7a ed.
260 _aBarcelona :
_bPlaneta,
_c1993.
300 _a679 p. ;
_c21 cm.
490 1 _aAutores españoles e hispanoamericanos
500 _aIncluye índice onomástico.
650 4 _aNovela española
_91123
650 4 _aLiteratura española
_9632
600 1 4 _aFRANCO, FRANCISCO,
_d1892-1975
_920829
830 0 _aAutores españoles e hispanoamericanos
_95042
910 _aCatalogación derivada
910 _aWM
049 _aBNGR
999 _c7282
_d7282